| 000 | 01000nam a2200277Ia 4500 | ||
|---|---|---|---|
| 008 | 130821s1983 mx gr spa | ||
| 020 | _a968 16 1212 4 | ||
| 040 |
_aCo-BoUCM _bspa |
||
| 041 | 0 | 0 | _aspa |
| 100 | 1 |
_aOttavi, Antoine _9170043 |
|
| 245 | 1 | 3 |
_aLa literatura italiana contemporánea _cAntoine Ottavi ; traducción de Beatriz Álvarez Klein |
| 260 |
_aMéxico D.F. (México) _bFondo de Cultura Económica _c1983 |
||
| 300 | _a136 páginas | ||
| 490 | 0 |
_aBreviarios del Fondo de Cultura Económica _v335 |
|
| 500 | _aDonación UCM-C-ARRAYANES. | ||
| 650 |
_aEnsayos italianos _914570 |
||
| 650 |
_aLiteratura europea _926524 |
||
| 650 |
_aLiteratura italiana _918694 |
||
| 650 |
_aNovelistas italianos _920589 |
||
| 650 |
_aPoesía italiana _921824 |
||
| 650 |
_aPoetas italianos _921875 |
||
| 700 | 1 |
_aÁlvarez Klein, Beatriz _etr. _9158149 |
|
| 765 | 0 | _tLa littérature italienne contemporaine | |
| 942 |
_cLIBRO _a18 _e1 _mO893L _2DEWEY _h850 |
||
| 999 |
_c78648 _d78648 |
||